000 00257nam a2200097Ia 4500
001 948842
005 20250826215527.0
008 250824s9999 xx 000 0 und d
245 0 _aFİLOZOFUN DOĞA GÜNLÜĞÜ
_cFATİH DİKMEN
260 _bTAZE KİTAP YAYINLARI
999 _c948842
_d948842